00417nam a22001457a 4500008004100000040005500041080001600096245002000112260006100132300001000193650001400203653001300217653001800230700002300248230511b |||||||| |||| 00| 0 eng d aNational Science LibrarycNational Science Library a914.77 bL1 aSoviet Ukraine  aKiev: bAcademy of Science of the Ukrainian S.S., c1961 a571p. aGeography aHistory  aTrade unioun  aBazhan, M P (Ed.)